000 00791nam a2200217 a 4500
001 000017910
005 20200929165257.0
008 100407s1999 dr c 000 0 spa d
040 _aDO-SdBNP
_bspa
_cBNPHU
082 _a972.93054
_bP192i
100 1 _aPaniagua, José,
_d1959-
_938857
245 1 3 _aLa isla de los pendejos :
_bun análisis cronológico de nuestra historia /
_cJosé Paniagua ; prólogo Rubén Ventura Taylor.
250 _a2a. ed.
260 _aSanto Domingo :
_bTaller,
_c1999.
300 _a96 p. :
_bretrs. ;
_c21 cm.
500 _aIncluye datos biográficos del autor en la solapa de la cubierta
504 _aIncluye bibliografías (p. 92-94)
651 4 _aRepública Dominicana
_xHistoria
_9170
700 1 _aVentura Taylor, Rubén,
_epról.
_938854
049 _aBNPD
999 _c17434
_d17434